000
00291nam a2200133Ia 4500
008
191201s1988 xx 000 0 und d
100
_a
PINSKY,AA
245
0
_a
Problems in Physics
250
_a
2nd
260
_a
Moscow
_b
Mirpub
_c
1988
300
_a
333
650
_a
Applied
942
_2
ddc
_c
BK
999
_c
573
_d
573